Kandydaci na prezydenta Polski w 2020 roku - Statystyki

Ogólne statystyki
  • Ten quiz został rozwiązany 36 razy
  • Średni wynik to 8 z 11
Statystyki odpowiedzi
Przynależność partyjna Wynik w 1. turze Kandydat % Poprawnych
Bezpartyjny 43,50% Andrzej Duda
100%
PO 30,46% Rafał Trzaskowski
97%
Konfederacja, RN 6,78% Krzysztof Bosak
94%
Bezpartyjny 13,87% Szymon Hołownia
88%
Wiosna 2,22% Robert Biedroń
79%
PSL 2,36% Władysław Kosiniak-Kamysz
79%
KNP, PolExit 0,23% Stanisław Żółtek
61%
Federacja dla Rzeczypospolitej 0,17% Marek Jakubiak
58%
Bezpartyjny 0,14% Paweł Tanajno
52%
Ruch Prawdziwa Europa- Europa Christi 0,11% Mirosław Piotrowski
39%
Unia Pracy 0,14% Waldemar Witkowski
18%
Nie znaleziono quizów pasujących do podanych kryteriów
Rozkład punktacji
Procent ludzi z każdym wynikiem
Percentyl według liczby udzielonych odpowiedzi
Twoja historia wyników
Nie rozwiązałeś tego quizu